00404nam a22001457a 4500020002200000082001200022100001800034245002000052260003500072300000800107650002000115942000700135952009900142999001700241 a978-0-143-41811-5 a823 ANA aAnam, Tahmima aThe Good Muslim aNew DelhibPenguin Booksc2011 a297 aEnglish-Fiction cBK 00104070aHMIbHMIcGENd2018-03-06g299.00l0o823 ANAp11-3620r2018-03-06w2018-03-06yBK c20872d20872